| 000 | 00985nam a2200229 a 4500 | ||
|---|---|---|---|
| 001 | 59439 | ||
| 003 | BD-RjUL | ||
| 005 | 20211209080729.0 | ||
| 008 | 161224s1986 bg ||||| |||| 00| 0 ben d | ||
| 035 | _a(BD-RjUL)59563 | ||
| 040 |
_aBD-RjUL _bben _cBD-RjUL _dBD-RjUL |
||
| 041 | _aben | ||
| 082 |
_223 _a338.9095492 _bRAB 1986 |
||
| 100 |
_aরহমান, আসহাবুর _9162716 |
||
| 245 | 1 | 0 |
_aবাংলাদেশের কৃষিকাঠামো কৃষক সমাজ ও উন্নয়ন / _cআসহাবুর রহমান |
| 260 |
_aঢাকা : _bইউনিভার্সিটি প্রেস লিমিটেড, _c১৯৮৬ |
||
| 300 |
_a[৩৯], ১৫৮ পৃ. ; _c২১ সেমি. |
||
| 500 | _aনির্ঘন্ট সংযুক্ত | ||
| 650 |
_aঅর্থনৈতিক উন্নয়ন _vবাংলাদেশ _9162717 |
||
| 650 |
_aEconomics Development _vBangladesh _9162451 |
||
| 942 |
_2ddc _cBK |
||
| 999 |
_c59439 _d59439 |
||